| 000 | 01308nam0a2200301 4500 | ||
|---|---|---|---|
| 001 | RU\NLR\BIBL_A\011363060 | ||
| 005 | 20240727004755.0 | ||
| 010 |
_a9785856770789 _9300 |
||
| 021 |
_aRU _b2017-16082 _91191 |
||
| 035 | _a(RuMoRGB)008818244 | ||
| 035 | _a(NLR Aleph) 011363060 | ||
| 090 |
_a11308841 _c11308841 |
||
| 100 | _a20170407d2016 u y0rusy50 ca | ||
| 101 | 0 | _arus | |
| 102 | _aRU | ||
| 105 | _aa z 000zy | ||
| 200 | 1 |
_aВоспитание поросенка _e[сборник] _fЕлена Туницкая |
|
| 210 |
_aМосква _cКомментарии _d2016 |
||
| 215 |
_a282, [1] с. _cцв. ил. _d20 |
||
| 327 | 0 | _aСодерж.: Воспитание поросенка: повесть; рассказы: Бедная Светлана Николаевна; Два поросенка; Магический кристалл; Мы и они; Не задалось!; Пасхальный подарок; Победительница; Не опоздай признаться в любви; История Махухи [и др.] | |
| 686 |
_aШ5(2=Р)64-644 _2rubbk |
||
| 686 | 2 | _aШ6(2=Р)8-44 | |
| 700 | 1 |
_aТуницкая _bЕ. Л. _gЕлена Леонидовна |
|
| 942 | _cBOOK | ||
| 980 | _aNBR | ||